000 01174cam a22003614a 4500
001 16734759
003 OSt
005 20220228123347.0
007 co |g|||||||||
008 110413s2012 maua b 001 0 eng
010 _a 2011014138
020 _a9789381269305
035 _a(OCoLC)ocn713567396
038 _akhadija
040 _aDLC
_cDLC
_dYDX
_dYDXCP
_dBWX
_dDLC
042 _apcc
050 0 0 _aQA901
_b.K86 2012
082 0 0 _a620.106
_222
_bKUN
100 1 _aKundu, Pijush K.
_910019
245 1 0 _aFluid mechanics /
_cPijush K. Kundu, Ira M. Cohen, David R. Dowling.
250 _a5th ed.
260 _aWaltham, MA :
_bAcademic Press,
_cc2012.
300 _axxvi, 891 p. :
_bill. ;
_c25 cm. +
_e1 DVD (4 3/4 in.)
504 _aIncludes bibliographical references and index.
538 _aSystem requirements: IBMcompatible PC or Mac OSX
563 _aPB
650 0 _aFluid mechanics.
_989792
700 1 _aCohen, Ira M.
_989793
700 1 _aDowling, David R.
_989794
906 _a7
_bcbc
_corignew
_d1
_eecip
_f20
_gy-gencatlg
942 _2ddc
_cBK
999 _c33319
_d33319